|
|
|
|
| LEADER |
01500nam a22003612i 4500 |
| 001 |
001538836 |
| 003 |
CZ BrMZK |
| 005 |
20170130131944.0 |
| 007 |
ta |
| 008 |
160810s1982 xr af erc||||||||||cze d |
| 015 |
|
|
|a cnb000403712
|
| 020 |
|
|
|q (Brož.)
|
| 035 |
|
|
|a (OCoLC)42181583
|
| 040 |
|
|
|a ABA001
|b cze
|c ABA001
|d ABA001
|d ULG001
|d BOA001
|e rda
|
| 072 |
|
7 |
|a 74
|x Kresba. Umělecká řemesla
|2 Konspekt
|9 21
|
| 080 |
|
|
|a 741/744(437.3)
|2 MRF
|
| 080 |
|
|
|a (083.824)
|2 MRF
|
| 100 |
1 |
|
|a Svobodová, Jitka,
|d 1941-2023
|7 jn20000402321
|4 art
|
| 245 |
1 |
0 |
|a Jitka Svobodová :
|b kresby : galerie hlavního města Prahy, Staroměstská radnice v Praze, květen - červen 1982 : galerie umění v Karlových Varech, Letohrádek Ostrov 1983 /
|c úvodní text katalogu Hana Rousová
|
| 264 |
|
1 |
|a Praha :
|b Galerie hlavního města Prahy ;
|a Karlovy Vary :
|b Galerie umění,
|c 1982
|
| 300 |
|
|
|a 20 nečíslovaných stran, obrazová příloha :
|b ilustrace
|
| 336 |
|
|
|a text
|b txt
|2 rdacontent
|
| 337 |
|
|
|a bez média
|b n
|2 rdamedia
|
| 338 |
|
|
|a svazek
|b nc
|2 rdacarrier
|
| 600 |
1 |
7 |
|a Svobodová, Jitka,
|d 1941-
|2 czenas
|7 jn20000402321
|
| 648 |
|
7 |
|a 20. století
|7 ch460558
|
| 650 |
0 |
7 |
|a česká kresba
|y 20. století
|7 ph116857
|2 czenas
|
| 655 |
|
7 |
|a katalogy výstav
|7 fd132536
|2 czenas
|
| 700 |
1 |
|
|a Rousová, Hana,
|d 1944-
|7 jx20041020020
|4 wfw
|
| 910 |
|
|
|a BOA001
|b X-0862.893
|
| 990 |
|
|
|a BK
|
| 991 |
|
|
|b 201608
|
| 996 |
6 |
|
|b 2619172059
|c X-0862.893
|l MZK
|r Sklad / do 24 hodin
|n 0
|w 001574054
|u 000010
|a 1
|e BOA001
|j MZK50
|s P
|